Jan Amos Komenský

Enregistré dans:
Détails bibliographiques
Auteur principal: Pánek, Jaroslav
Format: Livre
Langue:tchèque
Publié: Praha Středočeské nakladatelství a knihkupectví 1990
Édition:1. vyd.
Tags: Ajouter un tag
Pas de tags, Soyez le premier à ajouter un tag!

MARC

LEADER 00000nam a2200000 4500
001 c027062
005 20221215120104.7
041 0 |a cze 
044 |a CZ 
245 1 0 |a Jan Amos Komenský  |c Jaroslav Pánek 
250 |a 1. vyd. 
264 1 |a Praha  |b Středočeské nakladatelství a knihkupectví  |c 1990 
300 |a 54 s. 
100 1 |a Pánek, Jaroslav